Социально-педагогическая практика в учреждениях интернатного типа для детей, нуждающихся в государственной социальной защите (Запись № 1602965)
[ простой вид ]
| 000 -МАРКЕР | |
|---|---|
| контрольное поле | 01839nam1a2200313 i 4500 |
| 001 - ИДЕНТИФИКАТОР ЗАПИСИ | |
| контрольное поле | RU\NLR\bibl\1472581 |
| 005 - ИДЕНТИФИКАТОР ВЕРСИИ | |
| контрольное поле | 20260407205651.0 |
| 035 ## - ДРУГИЕ СИСТЕМНЫЕ НОМЕРА | |
| Идентификатор записи | (NLR Aleph) 001464266 |
| 100 ## - ДАННЫЕ ОБЩЕЙ ОБРАБОТКИ | |
| Данные общей обработки | 20100212g20099999u y0rusy50 ca |
| 101 0# - ЯЗЫК РЕСУРСА | |
| Язык текста, звукозаписи и т.д. | русский |
| 102 ## - СТРАНА ПУБЛИКАЦИИ ИЛИ ПРОИЗВОДСТВА | |
| Страна публикации | Российская Федерация |
| 105 ## - ПОЛЕ КОДИРОВАННЫХ ДАННЫХ: ТЕКСТОВЫЕ МАТЕРИАЛЫ, МОНОГРАФИЧЕСКИЕ | |
| Кодированные данные о монографическом текстовом документе | ||||z ||||| |
| 200 1# - ЗАГЛАВИЕ И СВЕДЕНИЯ ОБ ОТВЕТСТВЕННОСТИ | |
| Основное заглавие | Социально-педагогическая практика в учреждениях интернатного типа для детей, нуждающихся в государственной социальной защите |
| Сведения, относящиеся к заглавию | (1 этап) |
| -- | методическое пособие для преподавателей и студентов |
| -- | специальность 050711 "Социальная педагогика" |
| Первые сведения об ответственности | Департамент образования г. Москвы, ГОУ Пед. колледж N 1 им. К.Д. Ушинского |
| Последующие сведения об ответственности | [сост.: Т.К. Шишко и др.] |
| 210 ## - ПУБЛИКАЦИЯ, РАСПРОСТРАНЕНИЕ И ДР. | |
| Место издания, распространения и т.д. | Москва |
| Имя издателя, распространителя и т. д. | Компания Спутник+ |
| Дата издания, распространения и т.д. | 2009 |
| 215 ## - ФИЗИЧЕСКАЯ ХАРАКТЕРИСТИКА | |
| Размеры | 21 |
| 463 #0 - УРОВЕНЬ ФИЗИЧЕСКОЙ ЕДИНИЦЫ | |
| Встроенное поле | 0011418920 |
| 606 1# - НАИМЕНОВАНИЕ ТЕМЫ КАК ПРЕДМЕТ | |
| Наименование темы | Педагогические колледжи |
| Формальный подзаголовок | Учебные издания |
| Тематический подзаголовок | Педагогическая практика по социальной педагогике |
| Системный номер авторитетной/нормативной записи | 2585010 |
| Идентификатор авторитетной/нормативной записи | RU\NLR\auth\661527953 |
| 606 1# - НАИМЕНОВАНИЕ ТЕМЫ КАК ПРЕДМЕТ | |
| Наименование темы | Социальные педагоги |
| Формальный подзаголовок | Учебные издания |
| Тематический подзаголовок | Методика работы |
| -- | Школы-интернаты |
| Системный номер авторитетной/нормативной записи | 2585006 |
| Идентификатор авторитетной/нормативной записи | RU\NLR\auth\661527952 |
| 686 ## - ИНДЕКСЫ ДРУГИХ КЛАССИФИКАЦИЙ | |
| Индекс | Ч479.511.266я7 |
| 686 ## - ИНДЕКСЫ ДРУГИХ КЛАССИФИКАЦИЙ | |
| Индекс | Ч421.42я7 |
| 702 #1 - ИМЯ ЛИЦА - ВТОРИЧНАЯ ОТВЕТСТВЕННОСТЬ | |
| Начальный элемент ввода | Шишко |
| Часть имени, кроме начального элемента ввода | Т. К. |
| Код отношения | Составитель |
| 712 02 - НАИМЕНОВАНИЕ ОРГАНИЗАЦИИ - ВТОРИЧНАЯ ОТВЕТСТВЕННОСТЬ | |
| Код отношения | Прочие |
| Начальный элемент ввода | Педагогический колледж им. К. Д. Ушинского |
| Идентифицирующий признак | 1; Москва |
| Системный номер авторитетной/нормативной записи | 771474 |
| Идентификатор авторитетной/нормативной записи | RU\NLR\AUTH\8810138055 |
| 801 #0 - ИСТОЧНИК ЗАПИСИ | |
| Страна | Российская Федерация |
| Организация | NLR |
| Дата составления | 20100212 |
| Правила каталогизации | RCR |
| 801 #1 - ИСТОЧНИК ЗАПИСИ | |
| Страна | Российская Федерация |
| Организация | NLR |
| Дата составления | 20100212 |
| 852 ## - МЕСТОНАХОЖДЕНИЕ И ШИФР ХРАНЕНИЯ | |
| Идентификатор организации | NLR |
| Шифр хранения (Call Number) | 2009-4/13208 |
| 942 ## - ДОПОЛНИТЕЛЬНЫЕ ЭЛЕМЕНТЫ ЗАПИСИ (АБИС) | |
| Тип экземпляра АБИС | Книга |
Нет доступных экземпляров.